000 00869nam a22002057a 4500
999 _c20136
_d20136
003 AR-CdUCM
008 190527b ||||| |||| 00| 0 spa d
020 _a968-80-0917-2
040 _aMUNICIPALIDAD PROVINCIAL DEL CUSCO
_cBIBLIOTECA MUNICIPAL DEL CUSCO
082 _a974.01 /
_bG26
100 _aGarces Contreras, Guillermo
_942111
245 _aPensamiento matemático y astronómico en el México precolombino /
260 _aMéxico ;
_bInstituto politécnico nacional,
_c1982.
300 _a352 + 18 páginas ;
_bFotografías,
_c28 cm.
505 _aContenido: Los numerales en las civilización del viejo y el nuevo mundo -- La tradición matemática y astronómica mesoamericana -- La madurez de la astronomía mesoaméricana...
650 _aCivilización americana
_942112
650 _aAmérica
_91348
942 _2ddc
_cLIBROS
945 _adavv
_d2019-05-27